000 003350000a22001450004500
003 MACL
040 _aMACL
090 _c33780
_d33778
100 _aNaik, Nitin K.
245 _aClint/Server/ Technology With Oracle & VB
260 _bKamal Prakashan
_c2002
350 _a195
650 _aComputer probraming
942 _cBOOK
_k005/Nai
999 _c33426
_d33426